The Economics of interdependence : (Record no. 43944)

MARC details
000 -LEADER
campo de control de longitud fija 01551cam a2200421Li 4500
001 - NÚMERO DE CONTROL
campo de control 99079
005 - FECHA Y HORA DE LA ÚLTIMA TRANSACCIÓN
campo de control 20230410115557.0
008 - DATOS DE LONGITUD FIJA--INFORMACIÓN GENERAL
campo de control de longitud fija 750101s1968 nyu 000 0 eng d
035 ## - NÚMERO DE CONTROL DEL SISTEMA
Número de control de sistema (OCoLC)ocn462882086
040 ## - FUENTE DE CATALOGACIÓN
Centro catalogador/agencia de origen BDF
Lengua de catalogación fre
Centro/agencia transcriptor BDF
Centro/agencia modificador ZWZ
-- OCLCQ
015 ## - NÚMERO DE BIBLIOGRAFÍA NACIONAL
Número de bibliografía nacional 57403621
Fuente bnf
016 7# - NÚMERO DE CONTROL DE UNA AGENCIA BIBLIOGRÁFICA NACIONAL
Número de control del registro FRBNF353820080000007
Fuente FrPBN
035 ## - NÚMERO DE CONTROL DEL SISTEMA
Número de control de sistema (OCoLC)462882086
050 14 - SIGNATURA TOPOGRÁFICA DE LA BIBLIOTECA DEL CONGRESO
Número de clasificación HF 1411
Número de ítem C778e 1968
082 00 - NÚMERO DE LA CLASIFICACIÓN DECIMAL DEWEY
Número de clasificación 338.91
100 1# - ENTRADA PRINCIPAL--NOMBRE DE PERSONA
Nombre de persona Cooper, Richard N.
245 14 - MENCIÓN DEL TÍTULO
Título The Economics of interdependence :
Resto del título economic policy in the Atlantic community /
Mención de responsabilidad, etc. Richard N. Cooper.
260 ## - PUBLICACIÓN, DISTRIBUCIÓN, ETC.
Lugar de publicación, distribución, etc. New York :
Nombre del editor, distribuidor, etc. Published for the Council on Foreign Relations by McGraw-Hill,
Fecha de publicación, distribución, etc. 1968.
300 ## - DESCRIPCIÓN FÍSICA
Extensión xiv, 302 p. :
Otras características físicas ill. ;
Dimensiones 21 cm.
440 #4 - MENCIÓN DE SERIE/PUNTO DE ACCESO ADICIONAL--TÍTULO
Título The Atlantic policy studies
500 ## - NOTA GENERAL
Nota general Index.
650 #0 - PUNTO DE ACCESO ADICIONAL DE MATERIA--TÉRMINO DE MATERIA
Término de materia o nombre geográfico como elemento de entrada International economic relations.
650 #0 - PUNTO DE ACCESO ADICIONAL DE MATERIA--TÉRMINO DE MATERIA
Término de materia o nombre geográfico como elemento de entrada International finance.
650 #0 - PUNTO DE ACCESO ADICIONAL DE MATERIA--TÉRMINO DE MATERIA
Término de materia o nombre geográfico como elemento de entrada Commercial policy.
650 #4 - PUNTO DE ACCESO ADICIONAL DE MATERIA--TÉRMINO DE MATERIA
Término de materia o nombre geográfico como elemento de entrada Economía internacional.
651 #4 - PUNTO DE ACCESO ADICIONAL DE MATERIA--NOMBRE GEOGRÁFICO
Nombre geográfico Estados Unidos
Subdivisión general Relaciones exteriores.
650 #7 - PUNTO DE ACCESO ADICIONAL DE MATERIA--TÉRMINO DE MATERIA
Término de materia o nombre geográfico como elemento de entrada Relations économiques internationales.
Fuente del encabezamiento o término ram
650 #7 - PUNTO DE ACCESO ADICIONAL DE MATERIA--TÉRMINO DE MATERIA
Término de materia o nombre geográfico como elemento de entrada Finances internationales.
Fuente del encabezamiento o término ram
710 2# - ENTRADA AGREGADA--NOMBRE DE ENTIDAD CORPORATIVA
Nombre de entidad corporativa o nombre de jurisdicción como elemento de entrada Council on Foreign Relations.
856 42 - LOCALIZACIÓN Y ACCESO ELECTRÓNICOS
Materiales especificados Notice et cote du catalogue de la Bibliotháeque nationale de France
Identificador Uniforme de Recursos <a href="http://catalogue.bnf.fr/ark:/12148/cb35382008g">http://catalogue.bnf.fr/ark:/12148/cb35382008g</a>
886 1# - INFORMACIÓN DE CAMPO MARC FORÁNEO
a 009
b ax-x---------------
2 intermrc
886 2# - INFORMACIÓN DE CAMPO MARC FORÁNEO
a 917
b --
o OPL
a 012134904
2 intermrc
886 2# - INFORMACIÓN DE CAMPO MARC FORÁNEO
a 918
b --
o OPL
a 00019157
b MON011
2 intermrc
886 2# - INFORMACIÓN DE CAMPO MARC FORÁNEO
a 919
b --
p FR
o NCG
a F2201410000
2 intermrc
942 ## - ELEMENTOS DE ENTRADA SECUNDARIOS (KOHA)
Fuente del sistema de clasificación o colocación Clasificación de Library of Congress
Tipo de ítem Koha
946 ## - PROCESAMIENTO DE INFORMACIÓN LOCAL (OCLC)
a CV
994 ## -
-- C0
-- DRFGD
Holdings
Estatus retirado Estado de pérdida Fuente del sistema de clasificación o colocación Estado de daño No para préstamo Colección Biblioteca de origen Biblioteca actual Ubicación en estantería Fecha de adquisición Serial enumeration / chronology Signatura topográfica completa Código de barras Visto por última vez Copia número Tipo de ítem Koha
    Clasificación de Library of Congress     Ciencias Sociales Biblioteca Juan Bosch Biblioteca Juan Bosch Ciencias Sociales (3er. Piso) 10/04/2023 1 HF 1411 C778e 1968 00000085262 24/10/2018 1